Clemson Alumni - Statistics

General Stats
  • This quiz has been taken 32 times
  • The average score is 6 of 16
Answer Stats
Hint Answer % Correct
Quarterback who plays for the Jacksonville Jaguars Trevor Lawrence
80%
Nose tackle who plays for the New York Giants Dexter Lawrence
76%
Quarterback who plays for the Cleveland Browns Deshaun Watson
72%
Wide receiver who plays for the Tennessee Titans DeAndre Hopkins
60%
Hall of Fame safety who played for the Philadelphia Eagles and Denver Broncos Brian Dawkins
52%
Governor of South Carolina from 2011 to 2017 Nikki Haley
52%
Former power forward who played most notably for the Chicago Bulls Horace Grant
40%
Senator from South Carolina from 1954 to 2003 Strom Thurmond
36%
Former power forward who played for the Phoenix Suns and Cleveland Cavaliers Larry Nance
28%
Football head coach at the University of Virginia since 2022 Tony Elliott
28%
Power forward who plays for the WNBA's New York Liberty and WNBA MVP 2021 Jonquel Jones
24%
Governor of South Carolina from 1995 to 1999 David Beasley
20%
Actor best known for portraying Gunther in "Friends" James Michael Tyler
20%
Senator from South Carolina from 2005 to 2013 Jim DeMint
20%
Senator from North Carolina from 1999 to 2005 and Democratic nominee for vice president in 2004 John Edwards
20%
Creator of "Hooters of America" Robert H. Brooks
16%
No matching quizzes found
Score Distribution
Percent of People with Each Score
Percentile by Number Answered
Your Score History
You have not taken this quiz